| 000 | 01526nam0a2200409 4500 | ||
|---|---|---|---|
| 001 | RU\NLR\bibl\1397374 | ||
| 005 | 20250615202902.0 | ||
| 010 |
_a978-5-389-00488-7 _920000 |
||
| 021 |
_aRU _b2009-41421 _92517 |
||
| 021 |
_aRU _b2010-49955 _93304 |
||
| 021 |
_aRU _b2012-16046 _91208 |
||
| 021 |
_aRU _b2013-47761 _93313 |
||
| 035 | _a(nilc)RSL-KNO-004333481 | ||
| 035 | _a(NLR Aleph) 001389394 | ||
| 090 |
_a1152364 _c1152364 |
||
| 100 | _a20090515d2009 |||y0rusy50 ca | ||
| 101 | 1 |
_arus _ceng |
|
| 102 | _aRU | ||
| 105 | _aa ||||||||| | ||
| 200 | 1 |
_aЧто такое? Кто такой? _eинтерактивная энциклопедия в вопросах и ответах _e[для младшего школьного возраста _fпер. с англ.: Татьяна Покидаева] |
|
| 210 |
_aМосква _cМахаон _d2009 |
||
| 215 |
_a159 с. _cцв. ил. _d29 |
||
| 225 | 1 | _aИнтерактивная энциклопедия в вопросах и ответах | |
| 320 | _aУказ.: 158-159 | ||
| 517 | 0 | _aКто такой? | |
| 608 |
_aЭнциклопедии для детей _92363029 _3RU\NLR\auth\661410942 |
||
| 610 | 2 | _aДетская литература | |
| 686 |
_aШ9:Я201(2) _2rubbk |
||
| 686 |
_aШ9 _bЯ20 |
||
| 702 | 1 |
_aПокидаева _bТ. _gТатьяна _4730 |
|
| 801 | 0 |
_aRU _bРГБ _c20090515 _gRCR |
|
| 801 | 1 |
_aRU _bРГБ _c20090515 |
|
| 801 | 2 |
_aRU _bNLR _c20090803 _grcr |
|
| 942 | _cBOOK | ||
| 980 | _aNB | ||